Tény és elmélet
Elmentve itt :
| Szerző: | |
|---|---|
| Adatforrás: | Philobibl |
| Forrásdokumentuma: | A Hét, 1973/11 1, 16. p. |
| Dokumentumtípus: | Cikk |
| Nyelv: | magyar |
| Kulcsszavak: | ismeretelmélet, episztemológia |
| LEADER | 00311nab a2200109 c 4500 | ||
|---|---|---|---|
| 001 | bibDOK00016103 | ||
| 005 | 20200924121046.1 | ||
| 008 | 060518s1973 hu hun | ||
| 100 | 1 | |a Bretter György | |
| 245 | 1 | 0 | |a Tény és elmélet |c Bretter György |
| 695 | |a ismeretelmélet, episztemológia | ||
| 773 | 0 | |t A Hét, 1973/11 |g 1, 16. p. | |